000 00575nam a2200193Ia 4500
003 OSt
005 20260219163330.0
020 _a978-0-446-69259-5
040 _cLC
050 _aBV 4596. A25 M49 2003
100 _a MEYER, JOYCE
245 0 _aBEAUTY FOR ASHES:RECIEVING EMOTIONAL HEALING
250 _aREVISED AND EXPANDED EDITION
260 _aNEW YORK,
_bLIFE IN THE WORLD, INC.
_c2003
300 _aX, 256 P,ILL
500 _aINCLUDES BIBLIOGRAPHICAL REFERENCES
650 _a Meyer, Joyce, 1943-Adult child sexual abuse victims-Religious life
942 _cBK
_2lcc
999 _c67700
_d67700